|
|
|
|
| LEADER |
00000nam0a2200000 4500 |
| 001 |
361287 |
| 005 |
20250211063217.0 |
| 035 |
|
|
|a (RuTPU)RU\TPU\retro\18613
|
| 035 |
|
|
|a RU\TPU\retro\18599
|
| 090 |
|
|
|a 361287
|
| 100 |
|
|
|a 20210602d1976 k y0rusy5003 ca
|
| 101 |
0 |
|
|a rus
|
| 102 |
|
|
|a RU
|
| 105 |
|
|
|a y z 001zy
|
| 200 |
1 |
|
|a Электроэнергетика и электромеханика
|e [тематический сборник]
|f Московский энергетический институт ; под ред. Е. Ф. Кустова ; под ред. А. Ф. Шатрова ; под ред. А. А. Федосеева
|
| 210 |
|
|
|a Москва
|c Изд-во МЭИ
|d 1976
|
| 215 |
|
|
|a 149 с.
|c табл., ил.
|
| 225 |
1 |
|
|a Труды Московского энергетического института (МЭИ)
|v Вып. 304
|
| 320 |
|
|
|a Библиогр. в конце ст.
|
| 500 |
1 |
0 |
|a Труды Московского энергетического института
|9 88841
|
| 606 |
1 |
|
|a Электроэнергетика
|2 stltpush
|3 (RuTPU)RU\TPU\subj\21036
|9 46086
|
| 606 |
1 |
|
|a Электромеханика
|2 stltpush
|3 (RuTPU)RU\TPU\subj\20251
|9 45364
|
| 610 |
1 |
|
|a электрическая дуга
|
| 610 |
1 |
|
|a контакты
|
| 610 |
1 |
|
|a подключение
|
| 610 |
1 |
|
|a вентильные разрядники
|
| 610 |
1 |
|
|a нелинейные материалы
|
| 610 |
1 |
|
|a контроль
|
| 610 |
1 |
|
|a характеристики
|
| 610 |
1 |
|
|a системы зажигания
|
| 610 |
1 |
|
|a магнитно-транзисторные преобразователи
|
| 610 |
1 |
|
|a разработка
|
| 610 |
1 |
|
|a бесконтактные генераторы
|
| 610 |
1 |
|
|a электродвигатели
|
| 610 |
1 |
|
|a расчеты
|
| 610 |
1 |
|
|a стеклотекстолит
|
| 610 |
1 |
|
|a монокристаллы
|
| 610 |
1 |
|
|a получение
|
| 610 |
1 |
|
|a композитные материалы
|
| 610 |
1 |
|
|a изоляция
|
| 610 |
1 |
|
|a тяговые подстанции
|
| 610 |
1 |
|
|a короткие замыкания
|
| 610 |
1 |
|
|a эксплуатационная надежность
|
| 610 |
1 |
|
|a электроприводы
|
| 610 |
1 |
|
|a аэродинамические установки
|
| 610 |
1 |
|
|a криогенные установки
|
| 610 |
1 |
|
|a внутризаводское электроснабжение
|
| 610 |
1 |
|
|a электротермические установки
|
| 610 |
1 |
|
|a источники тока
|
| 610 |
1 |
|
|a электронно-плазменные установки
|
| 610 |
1 |
|
|a шаговые двигатели
|
| 610 |
1 |
|
|a разгон
|
| 610 |
1 |
|
|a скоростная изменчивость
|
| 610 |
1 |
|
|a переходные процессы
|
| 610 |
1 |
|
|a ЛЭП
|
| 610 |
1 |
|
|a нагрузочные режимы
|
| 610 |
1 |
|
|a сепараторы
|
| 610 |
1 |
|
|a электростатическое поле
|
| 610 |
1 |
|
|a помехоустойчивость
|
| 610 |
1 |
|
|a токоограничители
|
| 610 |
1 |
|
|a контактные соединения
|
| 610 |
1 |
|
|a гальваномагнитные преобразователи
|
| 675 |
|
|
|a 621.31
|v 3
|
| 675 |
|
|
|a 621.3
|v 3
|
| 702 |
|
1 |
|a Кустов
|b Е. Ф.
|4 340
|
| 702 |
|
1 |
|a Шатров
|b А. Ф.
|4 340
|
| 702 |
|
1 |
|a Федосеев
|b А. А.
|4 340
|
| 712 |
0 |
2 |
|a Московский энергетический институт
|c (1930-1992)
|3 (RuTPU)RU\TPU\col\20092
|9 27693
|
| 801 |
|
0 |
|a RU
|b 63413507
|c 19950704
|g psbo
|
| 801 |
|
1 |
|a RU
|b 63413507
|c 20060118
|g PSBO
|
| 801 |
|
2 |
|a RU
|b 63413507
|c 20220211
|g PSBO
|
| 942 |
|
|
|c BK
|